Multimedia Technologies (Record no. 335216)
[ view plain ]
| 000 -LEADER | |
|---|---|
| fixed length control field | 00449nam a2200169Ia 4500 |
| 008 - FIXED-LENGTH DATA ELEMENTS--GENERAL INFORMATION | |
| fixed length control field | 230718s9999 xx 000 0 und d |
| 020 ## - INTERNATIONAL STANDARD BOOK NUMBER | |
| International Standard Book Number | 9780070669239 |
| 041 ## - LANGUAGE CODE | |
| Language code of text/sound track or separate title | eng |
| 082 ## - DEWEY DECIMAL CLASSIFICATION NUMBER | |
| Classification number | 006.7 |
| Item number | BAN |
| 100 ## - MAIN ENTRY--PERSONAL NAME | |
| Personal name | Banerji A. |
| 9 (RLIN) | 115868 |
| 245 ## - TITLE STATEMENT | |
| Title | Multimedia Technologies |
| 260 ## - PUBLICATION, DISTRIBUTION, ETC. (IMPRINT) | |
| Date of publication, distribution, etc. | 2012 |
| Name of publisher, distributor, etc. | McGraw Hill |
| 300 ## - PHYSICAL DESCRIPTION | |
| Extent | 314 |
| 365 ## - TRADE PRICE | |
| Currency code | Rs. |
| Price amount | 430.00 |
| 700 ## - ADDED ENTRY--PERSONAL NAME | |
| Personal name | Banerji A. & Ghosh A.M. |
| 906 ## - LOCAL DATA ELEMENT F, LDF (RLIN) | |
| d | O:0372206-Feb-2014B:366602-Jan-2014 |
| c | COMP |
| b | 494.5 |
| Withdrawn status | Lost status | Damaged status | Not for loan | Home library | Current library | Date acquired | Vendor | Budget Code | Cost, normal purchase price | Bill number | Total Checkouts | Full call number | Barcode | Date last seen | Discount | Cost, replacement price | Bill Date | Koha item type | Original Barcode |
|---|---|---|---|---|---|---|---|---|---|---|---|---|---|---|---|---|---|---|---|
| Cummins College of Engineering for Women Pune | Cummins College of Engineering for Women Pune | 06/02/2014 | Om Book Stall | COMP | 331.10 | 3666 | 006.7 | CCEP-BK-46423 | 18/07/2023 | 494.5 | 430.00 | 02/01/2014 | Books | 046423 |